An introduction to applied linguistics / (Record no. 1466138)

MARC details
000 -LEADER
fixed length control field 00601nam a22002177a 4500
003 - CONTROL NUMBER IDENTIFIER
control field OSt
005 - DATE AND TIME OF LATEST TRANSACTION
control field 20260114143357.0
008 - FIXED-LENGTH DATA ELEMENTS--GENERAL INFORMATION
fixed length control field 251210b |||||||| |||| 00| 0 eng d
020 ## - INTERNATIONAL STANDARD BOOK NUMBER
International Standard Book Number 0340764198
040 ## - CATALOGING SOURCE
Original cataloging agency LNDL
Transcribing agency LNDL
041 ## - LANGUAGE CODE
Language code of text/sound track or separate title eng
245 ## - TITLE STATEMENT
Title An introduction to applied linguistics /
Statement of responsibility, etc. edited by Schmitt Norbert
260 ## - PUBLICATION, DISTRIBUTION, ETC.
Place of publication, distribution, etc. London :
Name of publisher, distributor, etc. Arnold ,
Date of publication, distribution, etc. 20002.
300 ## - PHYSICAL DESCRIPTION
Extent 344p.
650 ## - SUBJECT ADDED ENTRY--TOPICAL TERM
Topical term or geographic name entry element Language use
9 (RLIN) 855733
650 ## - SUBJECT ADDED ENTRY--TOPICAL TERM
Topical term or geographic name entry element Applied Linguistics
9 (RLIN) 855853
650 ## - SUBJECT ADDED ENTRY--TOPICAL TERM
Topical term or geographic name entry element Linguistics
9 (RLIN) 855854
700 ## - ADDED ENTRY--PERSONAL NAME
Personal name Schmitt, Norbert, ed.
9 (RLIN) 855855
942 ## - ADDED ENTRY ELEMENTS (KOHA)
Source of classification or shelving scheme Colon Classification (CC)
Koha item type General Books
Suppress in OPAC No
Holdings
Withdrawn status Lost status Source of classification or shelving scheme Damaged status Not for loan Home library Current library Shelving location Date acquired Total Checkouts Barcode Date last seen Price effective from Koha item type
    Colon Classification (CC)     Department of Linguistics Library Department of Linguistics Library General Stacks 2025-12-11   LD1968866 2025-12-11 2025-12-11 General Books
Copyright @ Delhi University Library System